000 00486pab a2200169 454500
008 180718b2013 xxu||||| |||| 00| 0 eng d
100 _aRoy, Munmun
245 _aBackward classes, the social order and the constitutional arrangement: The Indian perspective
260 _c2013
300 _ap.533-538.
362 _aJul-Sep
650 _aBackward classes - India
650 _aBackward classes
773 _aIndian Journal of Political Science
908 _aN
909 _a105974
999 _c105969
_d105969